International Affairs (Record no. 324219)

000 -LEADER
fixed length control field 00313 a2200133 4500
001 - CONTROL NUMBER
control field 89146
003 - CONTROL NUMBER IDENTIFIER
control field NUST
082 ## - DEWEY DECIMAL CLASSIFICATION NUMBER
Classification number 327 MAH
100 ## - MAIN ENTRY--PERSONAL NAME
Personal name Safdar Mahmood
9 (RLIN) 9778
245 ## - TITLE STATEMENT
Title International Affairs
Statement of responsibility, etc. Safdar Mahmood
Medium English
250 ## - EDITION STATEMENT
Edition statement 1st
260 ## - PUBLICATION, DISTRIBUTION, ETC.
Place of publication, distribution, etc. Pakistan
Name of publisher, distributor, etc. Ferozsons
300 ## - PHYSICAL DESCRIPTION
Extent 199p,viii
942 ## - ADDED ENTRY ELEMENTS (KOHA)
Institution code [OBSOLETE] CAE NUST
Koha item type Book
Call number prefix 327 MAH
Source of classification or shelving scheme
Holdings
Withdrawn status Lost status Damaged status Not for loan Collection code Permanent Location Current Location Date acquired Total Checkouts Full call number Barcode Date last seen Price effective from Koha item type
          College of Aeronautical Engineering (CAE) College of Aeronautical Engineering (CAE) 04/03/2017   327 MAH CAE49619 04/05/2017 04/05/2017 Book
© 2023 Central Library, National University of Sciences and Technology. All Rights Reserved.